[Event "DEM U18w 2023"]
[Site "Willingen GER"]
[Date "2023.06.03"]
[Round "9"]
[White "Wagner, Margarethe"]
[Black "Buchholz, Maja"]
[Result "0-1"]
[Termination "normal"]
[Board "1"]
[WhiteElo "1831"]
[BlackElo "1899"]
[WhiteClock "00:04:06"]
[BlackClock "00:08:25"]
[PlyCount "154"]
[WhiteFideId "16236947"]
[BlackFideId "16200500"]
[EventCountry "GER"]
[EventRounds "9"]
[EventType "swiss"]
[EventDate "2023.05.27"]

1. e4 {[%clk 01:30:58]} {[%emt 00:00:01]} e6 {[%clk 01:30:51]} {[%emt
00:00:09]} 2. d4 {[%clk 01:31:21]} {[%emt 00:00:07]} d5 {[%clk 01:31:16]}
{[%emt 00:00:05]} 3. Nd2 {[%clk 01:31:42]} {[%emt 00:00:10]} Be7 {[%clk
01:31:37]} {[%emt 00:00:09]} 4. Ngf3 {[%clk 01:32:02]} {[%emt 00:00:09]} Nf6
{[%clk 01:31:53]} {[%emt 00:00:15]} 5. e5 {[%clk 01:32:24]} {[%emt 00:00:08]}
Nfd7 {[%clk 01:32:13]} {[%emt 00:00:10]} 6. c3 {[%clk 01:32:39]} {[%emt
00:00:15]} c5 {[%clk 01:32:27]} {[%emt 00:00:15]} 7. Bd3 {[%clk 01:32:31]}
{[%emt 00:00:37]} Nc6 {[%clk 01:25:47]} {[%emt 00:07:11]} 8. O-O {[%clk
01:31:35]} {[%emt 00:01:26]} Qb6 {[%clk 01:24:45]} {[%emt 00:01:32]} 9. dxc5
{[%clk 01:21:57]} {[%emt 00:10:07]} Nxc5 {[%clk 01:19:19]} {[%emt 00:05:56]}
10. Bc2 {[%clk 01:19:54]} {[%emt 00:02:34]} Qc7 {[%clk 01:14:25]} {[%emt
00:05:24]} 11. Qe2 {[%clk 01:13:22]} {[%emt 00:07:01]} b6 {[%clk 01:11:42]}
{[%emt 00:03:14]} 12. Re1 {[%clk 01:01:55]} {[%emt 00:11:57]} Ba6 {[%clk
01:01:54]} {[%emt 00:10:17]} 13. Qe3 {[%clk 00:55:00]} {[%emt 00:07:25]} h6
{[%clk 00:47:20]} {[%emt 00:15:04]} 14. Nd4 {[%clk 00:47:52]} {[%emt 00:07:37]}
Nd7 {[%clk 00:37:08]} {[%emt 00:10:42]} 15. Nxc6 {[%clk 00:42:45]} {[%emt
00:05:38]} Qxc6 {[%clk 00:37:34]} {[%emt 00:00:05]} 16. Nf3 {[%clk 00:43:04]}
{[%emt 00:00:11]} Bc5 {[%clk 00:29:25]} {[%emt 00:08:38]} 17. Nd4 {[%clk
00:33:28]} {[%emt 00:10:06]} Qc7 {[%clk 00:29:08]} {[%emt 00:00:48]} 18. Qf4
{[%clk 00:30:58]} {[%emt 00:03:00]} g5 {[%clk 00:26:52]} {[%emt 00:02:46]} 19.
Qe3 {[%clk 00:27:43]} {[%emt 00:03:45]} O-O-O {[%clk 00:25:02]} {[%emt
00:02:19]} 20. b4 {[%clk 00:16:31]} {[%emt 00:11:43]} Bxd4 {[%clk 00:21:37]}
{[%emt 00:03:55]} 21. Qxd4 {[%clk 00:16:54]} {[%emt 00:00:07]} Bc4 {[%clk
00:20:48]} {[%emt 00:01:19]} 22. a4 {[%clk 00:15:40]} {[%emt 00:01:45]} Rdg8
{[%clk 00:18:36]} {[%emt 00:02:41]} 23. Ba3 {[%clk 00:13:06]} {[%emt 00:03:04]}
h5 {[%clk 00:15:29]} {[%emt 00:03:37]} 24. Rab1 {[%clk 00:10:16]} {[%emt
00:03:20]} g4 {[%clk 00:12:31]} {[%emt 00:03:28]} 25. b5 {[%clk 00:07:31]}
{[%emt 00:03:15]} Nc5 {[%clk 00:12:08]} {[%emt 00:00:53]} 26. a5 {[%clk
00:07:47]} {[%emt 00:00:14]} Kd7 {[%clk 00:08:33]} {[%emt 00:04:06]} 27. Qe3
{[%clk 00:06:49]} {[%emt 00:01:28]} Rb8 {[%clk 00:07:11]} {[%emt 00:01:51]} 28.
Qf4 {[%clk 00:06:00]} {[%emt 00:01:19]} Kc8 {[%clk 00:06:30]} {[%emt 00:01:11]}
29. Bxc5 {[%clk 00:04:26]} {[%emt 00:02:04]} bxc5 {[%clk 00:06:45]} {[%emt
00:00:16]} 30. b6 {[%clk 00:04:18]} {[%emt 00:00:38]} axb6 {[%clk 00:05:23]}
{[%emt 00:01:52]} 31. axb6 {[%clk 00:04:43]} {[%emt 00:00:05]} Qe7 {[%clk
00:05:09]} {[%emt 00:00:44]} 32. Rb2 {[%clk 00:03:48]} {[%emt 00:01:24]} Kb7
{[%clk 00:04:59]} {[%emt 00:00:41]} 33. Ra1 {[%clk 00:04:05]} {[%emt 00:00:14]}
Ra8 {[%clk 00:04:49]} {[%emt 00:00:39]} 34. Ra7+ {[%clk 00:03:23]} {[%emt
00:01:12]} Rxa7 {[%clk 00:05:15]} {[%emt 00:00:04]} 35. bxa7+ {[%clk 00:03:49]}
{[%emt 00:00:04]} Ka8 {[%clk 00:04:08]} {[%emt 00:01:37]} 36. Ba4 {[%clk
00:03:01]} {[%emt 00:01:18]} Kxa7 {[%clk 00:03:43]} {[%emt 00:00:56]} 37. Qc1
{[%clk 00:01:37]} {[%emt 00:01:53]} Rb8 {[%clk 00:03:52]} {[%emt 00:00:21]} 38.
Bb3 {[%clk 00:01:28]} {[%emt 00:00:39]} Rxb3 {[%clk 00:03:56]} {[%emt
00:00:26]} 39. Rxb3 {[%clk 00:01:45]} {[%emt 00:00:13]} Bxb3 {[%clk 00:04:22]}
{[%emt 00:00:04]} 40. Qa3+ {[%clk 00:02:10]} {[%emt 00:00:04]} Kb8 {[%clk
00:04:40]} {[%emt 00:00:12]} 41. Qxb3+ {[%clk 00:02:29]} {[%emt 00:00:11]} Qb7
{[%clk 00:20:29]} {[%emt 00:14:41]} 42. Qc2 {[%clk 00:32:29]} {[%emt 00:00:30]}
d4 {[%clk 00:19:29]} {[%emt 00:01:30]} 43. g3 {[%clk 00:23:17]} {[%emt
00:09:42]} Qd5 {[%clk 00:18:05]} {[%emt 00:01:54]} 44. cxd4 {[%clk 00:23:32]}
{[%emt 00:00:15]} Qxd4 {[%clk 00:16:51]} {[%emt 00:01:44]} 45. Qb1+ {[%clk
00:22:35]} {[%emt 00:01:27]} Kc7 {[%clk 00:15:51]} {[%emt 00:01:30]} 46. Qh7
{[%clk 00:22:43]} {[%emt 00:00:23]} Qd1+ {[%clk 00:15:08]} {[%emt 00:01:13]}
47. Kg2 {[%clk 00:23:02]} {[%emt 00:00:11]} Qf3+ {[%clk 00:15:36]} {[%emt
00:00:02]} 48. Kg1 {[%clk 00:22:11]} {[%emt 00:01:20]} Qf5 {[%clk 00:13:03]}
{[%emt 00:03:04]} 49. Qh8 {[%clk 00:22:22]} {[%emt 00:00:18]} Kc6 {[%clk
00:12:04]} {[%emt 00:01:29]} 50. Qa8+ {[%clk 00:21:07]} {[%emt 00:01:45]} Kb5
{[%clk 00:12:30]} {[%emt 00:00:04]} 51. Qb7+ {[%clk 00:20:20]} {[%emt
00:01:17]} Kc4 {[%clk 00:12:51]} {[%emt 00:00:09]} 52. Qa6+ {[%clk 00:20:31]}
{[%emt 00:00:18]} Kd5 {[%clk 00:13:11]} {[%emt 00:00:11]} 53. Qd6+ {[%clk
00:20:51]} {[%emt 00:00:09]} Kc4 {[%clk 00:13:12]} {[%emt 00:00:29]} 54. Qa6+
{[%clk 00:21:11]} {[%emt 00:00:09]} Kc3 {[%clk 00:13:29]} {[%emt 00:00:13]} 55.
Qa5+ {[%clk 00:20:46]} {[%emt 00:00:56]} Kd4 {[%clk 00:13:46]} {[%emt
00:00:13]} 56. Qa1+ {[%clk 00:18:15]} {[%emt 00:02:59]} Kd5 {[%clk 00:13:44]}
{[%emt 00:00:33]} 57. Qa8+ {[%clk 00:16:41]} {[%emt 00:02:04]} Kxe5 {[%clk
00:14:05]} {[%emt 00:00:09]} 58. Qh8+ {[%clk 00:15:23]} {[%emt 00:01:48]} Ke4
{[%clk 00:14:08]} {[%emt 00:00:28]} 59. Qc3 {[%clk 00:13:46]} {[%emt 00:02:06]}
Qd5 {[%clk 00:13:08]} {[%emt 00:01:30]} 60. Qe3+ {[%clk 00:13:58]} {[%emt
00:00:18]} Kf5 {[%clk 00:13:32]} {[%emt 00:00:05]} 61. Qh6 {[%clk 00:14:05]}
{[%emt 00:00:23]} Qd1+ {[%clk 00:12:18]} {[%emt 00:01:45]} 62. Kg2 {[%clk
00:14:30]} {[%emt 00:00:05]} Qf3+ {[%clk 00:12:40]} {[%emt 00:00:09]} 63. Kg1
{[%clk 00:14:33]} {[%emt 00:00:26]} c4 {[%clk 00:12:14]} {[%emt 00:00:56]} 64.
Qh7+ {[%clk 00:09:33]} {[%emt 00:05:30]} Kf6 {[%clk 00:11:49]} {[%emt
00:00:56]} 65. Qh6+ {[%clk 00:09:06]} {[%emt 00:00:56]} Ke7 {[%clk 00:09:15]}
{[%emt 00:03:05]} 66. Qg5+ {[%clk 00:09:29]} {[%emt 00:00:07]} Kd6 {[%clk
00:08:47]} {[%emt 00:00:58]} 67. Qd8+ {[%clk 00:08:34]} {[%emt 00:01:24]} Kc5
{[%clk 00:08:47]} {[%emt 00:00:31]} 68. Qc7+ {[%clk 00:08:25]} {[%emt
00:00:39]} Kd4 {[%clk 00:08:39]} {[%emt 00:00:38]} 69. Qd7+ {[%clk 00:08:17]}
{[%emt 00:00:38]} Kc3 {[%clk 00:08:48]} {[%emt 00:00:20]} 70. Qd6 {[%clk
00:07:08]} {[%emt 00:01:39]} Kc2 {[%clk 00:08:50]} {[%emt 00:00:28]} 71. Qa6
{[%clk 00:05:51]} {[%emt 00:01:48]} c3 {[%clk 00:08:53]} {[%emt 00:00:28]} 72.
Qa4+ {[%clk 00:05:22]} {[%emt 00:00:58]} Kd2 {[%clk 00:08:46]} {[%emt
00:00:37]} 73. Qd7+ {[%clk 00:05:27]} {[%emt 00:00:25]} Ke1 {[%clk 00:07:52]}
{[%emt 00:01:24]} 74. Qd4 {[%clk 00:04:28]} {[%emt 00:01:29]} c2 {[%clk
00:07:43]} {[%emt 00:00:40]} 75. Qb4+ {[%clk 00:04:10]} {[%emt 00:00:47]} Ke2
{[%clk 00:07:43]} {[%emt 00:00:30]} 76. Qb5+ {[%clk 00:03:50]} {[%emt
00:00:50]} Qd3 {[%clk 00:07:58]} {[%emt 00:00:15]} 77. Qe5+ {[%clk 00:04:06]}
{[%emt 00:00:14]} Kd1 {[%clk 00:08:25]} {[%emt 00:00:04]} 0-1

[Event "DEM U18w 2023"]
[Site "Willingen GER"]
[Date "2023.06.03"]
[Round "9"]
[White "Gröschel, Karoline"]
[Black "Reuter, Elisa"]
[Result "1/2-1/2"]
[Termination "normal"]
[Board "2"]
[BlackTitle "WCM"]
[WhiteElo "1892"]
[BlackElo "1944"]
[WhiteClock "00:04:44"]
[BlackClock "00:21:48"]
[PlyCount "128"]
[WhiteFideId "34610537"]
[BlackFideId "12995444"]
[EventCountry "GER"]
[EventRounds "9"]
[EventType "swiss"]
[EventDate "2023.05.27"]

1. e4 {[%clk 01:30:58]} {[%emt 00:00:01]} c5 {[%clk 01:30:57]} {[%emt
00:00:03]} 2. Nf3 {[%clk 01:31:24]} {[%emt 00:00:04]} Nc6 {[%clk 01:31:24]}
{[%emt 00:00:03]} 3. Bb5 {[%clk 01:31:48]} {[%emt 00:00:06]} g6 {[%clk
01:31:49]} {[%emt 00:00:05]} 4. Bxc6 {[%clk 01:32:14]} {[%emt 00:00:04]} dxc6
{[%clk 01:32:16]} {[%emt 00:00:04]} 5. d3 {[%clk 01:32:40]} {[%emt 00:00:04]}
Bg7 {[%clk 01:32:42]} {[%emt 00:00:04]} 6. h3 {[%clk 01:33:07]} {[%emt
00:00:02]} e5 {[%clk 01:32:30]} {[%emt 00:00:42]} 7. O-O {[%clk 01:33:32]}
{[%emt 00:00:06]} Qe7 {[%clk 01:32:42]} {[%emt 00:00:18]} 8. a4 {[%clk
01:33:31]} {[%emt 00:00:31]} Nf6 {[%clk 01:30:42]} {[%emt 00:02:29]} 9. a5
{[%clk 01:33:56]} {[%emt 00:00:05]} O-O {[%clk 01:29:54]} {[%emt 00:01:18]} 10.
Nc3 {[%clk 01:33:47]} {[%emt 00:00:39]} Rb8 {[%clk 01:26:42]} {[%emt 00:03:43]}
11. Nh2 {[%clk 01:22:29]} {[%emt 00:11:46]} Ne8 {[%clk 01:01:07]} {[%emt
00:26:05]} 12. f4 {[%clk 01:13:33]} {[%emt 00:09:25]} f6 {[%clk 00:40:46]}
{[%emt 00:20:52]} 13. f5 {[%clk 00:54:33]} {[%emt 00:19:30]} Nd6 {[%clk
00:34:11]} {[%emt 00:07:05]} 14. fxg6 {[%clk 00:43:24]} {[%emt 00:11:39]} hxg6
{[%clk 00:34:32]} {[%emt 00:00:08]} 15. Be3 {[%clk 00:43:25]} {[%emt 00:00:28]}
b6 {[%clk 00:34:10]} {[%emt 00:00:53]} 16. Qd2 {[%clk 00:38:10]} {[%emt
00:05:46]} Be6 {[%clk 00:31:32]} {[%emt 00:03:07]} 17. Bh6 {[%clk 00:29:35]}
{[%emt 00:09:05]} Bxh6 {[%clk 00:30:30]} {[%emt 00:01:33]} 18. Qxh6 {[%clk
00:29:56]} {[%emt 00:00:08]} Qg7 {[%clk 00:28:12]} {[%emt 00:02:48]} 19. Qe3
{[%clk 00:28:23]} {[%emt 00:02:03]} Rb7 {[%clk 00:25:52]} {[%emt 00:02:51]} 20.
Nf3 {[%clk 00:26:10]} {[%emt 00:02:42]} Qh7 {[%clk 00:21:50]} {[%emt 00:04:32]}
21. Qf2 {[%clk 00:23:06]} {[%emt 00:03:34]} Qg7 {[%clk 00:19:50]} {[%emt
00:02:30]} 22. axb6 {[%clk 00:21:03]} {[%emt 00:02:33]} axb6 {[%clk 00:20:16]}
{[%emt 00:00:04]} 23. Ra6 {[%clk 00:20:03]} {[%emt 00:01:29]} Rfb8 {[%clk
00:17:21]} {[%emt 00:03:26]} 24. Nh4 {[%clk 00:15:21]} {[%emt 00:05:12]} Rf7
{[%clk 00:16:25]} {[%emt 00:01:25]} 25. Qg3 {[%clk 00:14:45]} {[%emt 00:01:07]}
g5 {[%clk 00:15:28]} {[%emt 00:01:28]} 26. Nf3 {[%clk 00:13:38]} {[%emt
00:01:36]} Bc8 {[%clk 00:14:53]} {[%emt 00:01:05]} 27. Raa1 {[%clk 00:13:24]}
{[%emt 00:00:44]} Be6 {[%clk 00:15:00]} {[%emt 00:00:22]} 28. Rf2 {[%clk
00:13:04]} {[%emt 00:00:50]} Rbf8 {[%clk 00:14:10]} {[%emt 00:01:20]} 29. Raf1
{[%clk 00:12:54]} {[%emt 00:00:40]} g4 {[%clk 00:08:46]} {[%emt 00:05:54]} 30.
hxg4 {[%clk 00:11:58]} {[%emt 00:01:26]} Qxg4 {[%clk 00:08:59]} {[%emt
00:00:17]} 31. Qxg4+ {[%clk 00:09:07]} {[%emt 00:03:22]} Bxg4 {[%clk 00:09:24]}
{[%emt 00:00:05]} 32. Na4 {[%clk 00:06:39]} {[%emt 00:02:58]} Nc8 {[%clk
00:09:10]} {[%emt 00:00:43]} 33. Nh4 {[%clk 00:05:30]} {[%emt 00:01:40]} Kg7
{[%clk 00:08:42]} {[%emt 00:00:57]} 34. Nf5+ {[%clk 00:05:13]} {[%emt
00:00:47]} Bxf5 {[%clk 00:08:52]} {[%emt 00:00:21]} 35. Rxf5 {[%clk 00:05:39]}
{[%emt 00:00:04]} Rh8 {[%clk 00:07:53]} {[%emt 00:01:29]} 36. g4 {[%clk
00:03:25]} {[%emt 00:02:45]} Rh4 {[%clk 00:06:44]} {[%emt 00:01:38]} 37. g5
{[%clk 00:02:38]} {[%emt 00:01:17]} Rg4+ {[%clk 00:07:10]} {[%emt 00:00:04]}
38. Kh2 {[%clk 00:02:07]} {[%emt 00:01:01]} Rxg5 {[%clk 00:07:04]} {[%emt
00:00:37]} 39. Rxg5+ {[%clk 00:02:20]} {[%emt 00:00:17]} fxg5 {[%clk 00:07:24]}
{[%emt 00:00:10]} 40. Rxf7+ {[%clk 00:02:35]} {[%emt 00:00:15]} Kxf7 {[%clk
00:07:49]} {[%emt 00:00:05]} 41. Kg3 {[%clk 00:02:58]} {[%emt 00:00:06]} Ke6
{[%clk 00:05:06]} {[%emt 00:03:13]} 42. Kg4 {[%clk 00:28:34]} {[%emt 00:04:54]}
Kd6 {[%clk 00:35:16]} {[%emt 00:00:21]} 43. Kxg5 {[%clk 00:28:19]} {[%emt
00:00:45]} b5 {[%clk 00:34:07]} {[%emt 00:01:39]} 44. Nc3 {[%clk 00:28:43]}
{[%emt 00:00:05]} Ke6 {[%clk 00:32:23]} {[%emt 00:02:14]} 45. Ne2 {[%clk
00:27:16]} {[%emt 00:01:56]} Nb6 {[%clk 00:30:04]} {[%emt 00:02:50]} 46. b3
{[%clk 00:12:28]} {[%emt 00:15:18]} Nd7 {[%clk 00:26:50]} {[%emt 00:03:44]} 47.
Ng3 {[%clk 00:12:27]} {[%emt 00:00:30]} Nb8 {[%clk 00:24:08]} {[%emt 00:03:12]}
48. Nf5 {[%clk 00:11:25]} {[%emt 00:01:32]} Nd7 {[%clk 00:24:04]} {[%emt
00:00:36]} 49. Kg6 {[%clk 00:10:25]} {[%emt 00:01:28]} Nf8 {[%clk 00:23:51]}
{[%emt 00:00:43]} 50. Kg7 {[%clk 00:09:23]} {[%emt 00:01:32]} Nd7 {[%clk
00:24:17]} {[%emt 00:00:05]} 51. Nh6 {[%clk 00:07:01]} {[%emt 00:02:52]} c4
{[%clk 00:19:12]} {[%emt 00:05:35]} 52. bxc4 {[%clk 00:05:48]} {[%emt
00:01:43]} bxc4 {[%clk 00:19:35]} {[%emt 00:00:07]} 53. Ng4 {[%clk 00:06:08]}
{[%emt 00:00:09]} cxd3 {[%clk 00:19:46]} {[%emt 00:00:20]} 54. cxd3 {[%clk
00:06:33]} {[%emt 00:00:05]} Nc5 {[%emt 00:00:48]} 55. Nf2 {[%clk 00:06:48]}
{[%emt 00:00:01]} Nd7 {[%clk 00:19:59]} {[%emt 00:00:14]} 56. Kg6 {[%clk
00:07:11]} Nf8 {[%clk 00:19:23]} {[%emt 00:01:12]} 57. Kg5 {[%emt 00:00:15]}
Nd7 {[%clk 00:19:50]} 58. Kg4 {[%clk 00:06:09]} Nb6 {[%clk 00:19:57]} {[%emt
00:02:14]} 59. Kf3 {[%clk 00:04:57]} c5 {[%clk 00:20:12]} {[%emt 00:01:56]} 60.
Ke3 {[%emt 00:02:09]} c4 61. d4 {[%clk 00:03:57]} exd4+ {[%clk 00:20:57]}
{[%emt 00:00:07]} 62. Kxd4 {[%clk 00:04:21]} {[%emt 00:00:06]} Nd7 {[%clk
00:20:58]} {[%emt 00:00:30]} 63. Kxc4 {[%clk 00:04:21]} {[%emt 00:00:30]} Nf6
{[%clk 00:21:22]} {[%emt 00:00:05]} 64. e5 {[%clk 00:04:44]} {[%emt 00:00:06]}
Kxe5 {[%clk 00:21:48]} {[%emt 00:00:05]} 1/2-1/2

[Event "DEM U18w 2023"]
[Site "Willingen GER"]
[Date "2023.06.03"]
[Round "9"]
[White "Heutling, Elina"]
[Black "Doll, Rebecca"]
[Result "1/2-1/2"]
[Termination "normal"]
[Board "3"]
[WhiteElo "1878"]
[BlackElo "1918"]
[WhiteClock "00:02:14"]
[BlackClock "00:06:37"]
[PlyCount "112"]
[WhiteFideId "16244729"]
[BlackFideId "16236890"]
[EventCountry "GER"]
[EventRounds "9"]
[EventType "swiss"]
[EventDate "2023.05.27"]

1. e4 {[%clk 01:30:59]} e5 {[%clk 01:30:51]} {[%emt 00:00:09]} 2. Nf3 {[%clk
01:31:21]} {[%emt 00:00:08]} Nc6 {[%clk 01:31:17]} {[%emt 00:00:04]} 3. Bb5
{[%clk 01:31:48]} {[%emt 00:00:03]} a6 {[%clk 01:31:43]} {[%emt 00:00:04]} 4.
Ba4 {[%clk 01:32:14]} {[%emt 00:00:03]} Nf6 {[%clk 01:32:04]} {[%emt 00:00:09]}
5. d3 {[%clk 01:32:35]} {[%emt 00:00:09]} d6 {[%clk 01:32:21]} {[%emt
00:00:13]} 6. c4 {[%clk 01:32:27]} {[%emt 00:00:38]} g6 {[%clk 01:25:18]}
{[%emt 00:07:34]} 7. Nc3 {[%clk 01:32:13]} {[%emt 00:00:44]} Bg7 {[%clk
01:23:58]} {[%emt 00:01:49]} 8. Nd5 {[%clk 01:32:27]} {[%emt 00:00:15]} O-O
{[%clk 01:22:36]} {[%emt 00:01:52]} 9. Bg5 {[%clk 01:32:24]} {[%emt 00:00:34]}
Be6 {[%clk 01:10:55]} {[%emt 00:12:11]} 10. O-O {[%clk 01:21:58]} {[%emt
00:10:56]} Bxd5 {[%clk 00:55:44]} {[%emt 00:15:41]} 11. cxd5 {[%clk 01:20:28]}
{[%emt 00:01:59]} Nb8 {[%clk 00:51:22]} {[%emt 00:04:52]} 12. Rc1 {[%clk
01:12:59]} {[%emt 00:08:00]} Nbd7 {[%clk 00:49:17]} {[%emt 00:02:35]} 13. Bxd7
{[%clk 01:12:37]} {[%emt 00:00:52]} Qxd7 {[%clk 00:49:40]} {[%emt 00:00:07]}
14. Bxf6 {[%clk 01:13:03]} {[%emt 00:00:04]} Bxf6 {[%clk 00:50:03]} {[%emt
00:00:07]} 15. a4 {[%clk 00:59:13]} {[%emt 00:14:20]} Rfc8 {[%clk 00:46:29]}
{[%emt 00:04:03]} 16. b4 {[%clk 00:47:14]} {[%emt 00:12:29]} c6 {[%clk
00:37:12]} {[%emt 00:09:48]} 17. Qb3 {[%clk 00:40:54]} {[%emt 00:06:50]} Rc7
{[%clk 00:23:35]} {[%emt 00:14:07]} 18. Rc2 {[%clk 00:31:19]} {[%emt 00:10:05]}
Rac8 {[%clk 00:23:36]} {[%emt 00:00:29]} 19. Rfc1 {[%clk 00:25:22]} {[%emt
00:06:28]} Bg7 {[%clk 00:19:41]} {[%emt 00:04:25]} 20. Rc4 {[%clk 00:24:32]}
{[%emt 00:01:20]} cxd5 {[%clk 00:18:34]} {[%emt 00:01:37]} 21. exd5 {[%clk
00:23:30]} {[%emt 00:01:32]} b5 {[%clk 00:14:47]} {[%emt 00:04:16]} 22. axb5
{[%clk 00:20:23]} {[%emt 00:03:37]} axb5 {[%clk 00:15:10]} {[%emt 00:00:07]}
23. Rxc7 {[%clk 00:20:17]} {[%emt 00:00:36]} Rxc7 {[%clk 00:15:36]} {[%emt
00:00:04]} 24. Rxc7 {[%clk 00:12:15]} {[%emt 00:08:33]} Qxc7 {[%clk 00:16:03]}
{[%emt 00:00:03]} 25. Qa3 {[%clk 00:12:32]} {[%emt 00:00:12]} Qb7 {[%clk
00:13:04]} {[%emt 00:03:28]} 26. Qa2 {[%clk 00:11:51]} {[%emt 00:01:11]} h6
{[%clk 00:11:45]} {[%emt 00:01:50]} 27. Nd2 {[%clk 00:10:03]} {[%emt 00:02:17]}
f5 {[%clk 00:11:59]} {[%emt 00:00:17]} 28. h3 {[%clk 00:07:51]} {[%emt
00:02:41]} Bf6 {[%clk 00:10:07]} {[%emt 00:02:23]} 29. Nb1 {[%clk 00:06:34]}
{[%emt 00:01:46]} Kf7 {[%clk 00:07:45]} {[%emt 00:02:52]} 30. Kh1 {[%clk
00:03:38]} {[%emt 00:03:26]} Qc7 {[%clk 00:04:59]} {[%emt 00:03:16]} 31. Qd2
{[%clk 00:03:04]} {[%emt 00:01:04]} Bg5 {[%clk 00:03:35]} {[%emt 00:01:55]} 32.
Qc3 {[%clk 00:02:06]} {[%emt 00:01:27]} Qxc3 {[%clk 00:02:55]} {[%emt
00:01:10]} 33. Nxc3 {[%clk 00:02:35]} {[%emt 00:00:01]} Bd2 {[%clk 00:03:14]}
{[%emt 00:00:10]} 34. Na2 {[%clk 00:02:15]} {[%emt 00:00:51]} Ke7 {[%clk
00:01:27]} {[%emt 00:02:18]} 35. Kg1 {[%clk 00:02:29]} {[%emt 00:00:16]} Kd7
{[%clk 00:01:40]} {[%emt 00:00:18]} 36. Kf1 {[%clk 00:02:53]} {[%emt 00:00:05]}
Kc7 {[%clk 00:01:48]} {[%emt 00:00:22]} 37. Ke2 {[%clk 00:02:25]} {[%emt
00:00:58]} Bg5 {[%clk 00:02:06]} {[%emt 00:00:12]} 38. Nc3 {[%clk 00:02:21]}
{[%emt 00:00:34]} Kb6 {[%clk 00:02:30]} {[%emt 00:00:07]} 39. f3 {[%clk
00:01:26]} {[%emt 00:01:26]} Bf6 {[%clk 00:01:18]} {[%emt 00:01:41]} 40. Kd2
{[%clk 00:01:26]} {[%emt 00:00:30]} Bg5+ {[%clk 00:01:18]} {[%emt 00:00:29]}
41. Ke2 {[%clk 00:26:39]} {[%emt 00:05:16]} Bf6 {[%clk 00:29:21]} {[%emt
00:02:28]} 42. Na2 {[%clk 00:15:12]} {[%emt 00:11:58]} Bh4 {[%clk 00:25:45]}
{[%emt 00:04:05]} 43. g4 {[%clk 00:12:47]} {[%emt 00:02:54]} Bg5 {[%clk
00:25:14]} {[%emt 00:01:01]} 44. Nc3 {[%clk 00:11:32]} {[%emt 00:01:45]} Bc1
{[%clk 00:19:25]} {[%emt 00:06:19]} 45. Kd1 {[%clk 00:09:09]} {[%emt 00:02:53]}
Bb2 {[%clk 00:14:02]} {[%emt 00:05:52]} 46. Nb1 {[%clk 00:08:26]} {[%emt
00:01:13]} Bd4 {[%clk 00:13:54]} {[%emt 00:00:38]} 47. Kc2 {[%clk 00:08:43]}
{[%emt 00:00:13]} Kc7 {[%clk 00:13:05]} {[%emt 00:01:20]} 48. Na3 {[%clk
00:07:59]} {[%emt 00:01:14]} Kb6 {[%clk 00:13:26]} {[%emt 00:00:09]} 49. Kb3
{[%clk 00:07:41]} {[%emt 00:00:48]} Bf2 {[%clk 00:12:22]} {[%emt 00:01:34]} 50.
Nc2 {[%clk 00:06:33]} {[%emt 00:01:38]} Kc7 {[%clk 00:12:18]} {[%emt 00:00:34]}
51. Kc3 {[%clk 00:06:27]} {[%emt 00:00:36]} Kb6 {[%clk 00:12:19]} {[%emt
00:00:29]} 52. Kd2 {[%clk 00:05:53]} {[%emt 00:01:04]} Kc7 {[%clk 00:08:17]}
{[%emt 00:04:32]} 53. Ke2 {[%clk 00:05:57]} {[%emt 00:00:26]} Bd4 {[%clk
00:05:59]} {[%emt 00:02:47]} 54. Nxd4 {[%clk 00:03:07]} {[%emt 00:03:20]} exd4
{[%clk 00:06:26]} {[%emt 00:00:03]} 55. h4 {[%clk 00:03:26]} {[%emt 00:00:12]}
f4 {[%clk 00:06:11]} {[%emt 00:00:44]} 56. g5 {[%clk 00:02:14]} {[%emt
00:01:41]} h5 {[%clk 00:06:37]} {[%emt 00:00:05]} 1/2-1/2